000
00320nam a2200157Ia 4500
100
_a
Sheldon/Sidney
650
_a
General
942
_c
BK
366
_f
20
245
_a
If tomorrow comes
260
_b
Harper collins
_c
2010
082
_a
808.8
_b
SHE
300
_a
501
546
_a
ENGLISH
_c
Computers
999
_c
30203
_d
30203